A history of Africa / (Record no. 769)

000 -LEADER
fixed length control field 00961cam a2200277 a 4500
001 - CONTROL NUMBER
control field 14490237
003 - CONTROL NUMBER IDENTIFIER
control field OSt
005 - DATE AND TIME OF LATEST TRANSACTION
control field 20140311143919.0
008 - FIXED-LENGTH DATA ELEMENTS--GENERAL INFORMATION
fixed length control field 060810s2006 ke ab b 001 0 eng
020 ## - INTERNATIONAL STANDARD BOOK NUMBER
International Standard Book Number 9789966253576
020 ## - INTERNATIONAL STANDARD BOOK NUMBER
International Standard Book Number 9789966253583
040 ## - CATALOGING SOURCE
Transcribing agency DLC
Modifying agency DLC
042 ## - AUTHENTICATION CODE
Authentication code lcode
043 ## - GEOGRAPHIC AREA CODE
Geographic area code f------
050 00 - LIBRARY OF CONGRESS CALL NUMBER
Classification number DT20.O36 2006
100 1# - MAIN ENTRY--PERSONAL NAME
Personal name Okoth, Assa.
245 12 - TITLE STATEMENT
Title A history of Africa /
Statement of responsibility, etc Assa Okoth.
260 ## - PUBLICATION, DISTRIBUTION, ETC. (IMPRINT)
Place of publication, distribution, etc Nairobi :
Name of publisher, distributor, etc East African Educational Publishers,
Date of publication, distribution, etc 2006.
300 ## - PHYSICAL DESCRIPTION
Extent 2 v. :
Other physical details ill., maps .
500 ## - GENERAL NOTE
General note ''1800-1914'' Vol.1, cover and "1915-1995"--Vol. 2, cover.
504 ## - BIBLIOGRAPHY, ETC. NOTE
Bibliography, etc Includes bibliographical references and index.
505 1# - FORMATTED CONTENTS NOTE
Formatted contents note v. 1. African societies and the establishment of colonial rule, 1800-1915 -- v. 2. African nationalism and the de-colonisation process.
651 #0 - SUBJECT ADDED ENTRY--GEOGRAPHIC NAME
Geographic name Africa
General subdivision History.
856 41 - ELECTRONIC LOCATION AND ACCESS
Materials specified Table of contents only
Uniform Resource Identifier <a href="http://www.loc.gov/catdir/toc/fy0702/2006315593.html">http://www.loc.gov/catdir/toc/fy0702/2006315593.html</a>
942 ## - ADDED ENTRY ELEMENTS (KOHA)
Source of classification or shelving scheme
Koha item type Book
Holdings
Withdrawn status Lost status Source of classification or shelving scheme Damaged status Not for loan Home library Current library Date acquired Source of acquisition Total Checkouts Full call number Barcode Date last seen Date checked out Copy number Price effective from Koha item type
          Riara University Library Riara University Library 29/10/2011 Purchase 3 DT20.O36 2006 2966/11 20/04/2015 05/01/2015 C.1 29/10/2011 Book
          Riara University Library Riara University Library 29/10/2011 Purchase 4 DT20.O36 2006 2968/11 07/12/2017 06/12/2017 C.2 29/10/2011 Book
          Riara University Library Riara University Library 29/10/2011 Purchase 7 DT20.O36 2006 2967/11 09/02/2017 31/01/2017 C.3 29/10/2011 Book
          Riara University Library Riara University Library 11/03/2014   3 DT20.O36 2006 4597/14 07/12/2017 06/12/2017 C.4 11/03/2014 Book
          Riara University Library Riara University Library 11/03/2014   2 DT20.O36 2006 4598/14 07/04/2017 23/03/2017 C.5 11/03/2014 Book

Riara University Library,
P.O. Box 49940-00100,
Nairobi, Kenya.